Statistiques concernant Les plus grandes villes de l'État de New York

Cliquez ici pour prendre le quiz!

Statistiques générales

  • Ce quiz a été pris 79 fois
  • Le résultat moyen est 3 sur 10

Statistiques - réponses

PopulationVilles% Correct
8 550 405New York
96%
97 660Albany
54%
261 025Buffalo
51%
210 855Rochester
26%
145 151Syracuse
25%
197 399Yonkers
24%
62 110Utica
12%
77 606New Rochelle
9%
66 273Schenectady
4%
67 780Mount Vernon
1%

Distribution des résultats

Percentile par nombre de réponses

% des personnes avec chaque résultat

Votre développement - résultats

Vous n’avez pas pris ce quiz